A better way to sort out delays (Record no. 69475)

MARC details
000 -LEADER
fixed length control field 01190cam a2200253 4500
001 - CONTROL NUMBER
control field ABS65022
008 - FIXED-LENGTH DATA ELEMENTS--GENERAL INFORMATION
fixed length control field 020208n2002 000 0 eng u
035 ## - SYSTEM CONTROL NUMBER
System control number (Sirsi) u116662
100 ## - MAIN ENTRY--PERSONAL NAME
Personal name Klein, R
245 #2 - TITLE STATEMENT
Title A better way to sort out delays
260 ## - PUBLICATION, DISTRIBUTION, ETC.
Date of publication, distribution, etc. 2002
490 ## - SERIES STATEMENT
Series statement Construction News
Volume/sequential designation (6748) 10 January 2002, 12(1)
520 ## - SUMMARY, ETC.
Summary, etc. Discusses the draft protocol for determining extensions of time and compensation for delay and disruption produced by the Society of Construction Law. Considers the aim of the protocol to provide guidance to all parties involved in a dispute over matters of timing. The protocol concentrates on the programme, which is always under scrutiny when there are disputes over delay or disruption. The protocol is available to download from www.eotprotocol.com.
590 ## - LOCAL NOTE (RLIN)
Local note ABS
650 ## - SUBJECT ADDED ENTRY--TOPICAL TERM
Topical term or geographic name entry element PROTOCOLS
650 ## - SUBJECT ADDED ENTRY--TOPICAL TERM
Topical term or geographic name entry element DELAYS
650 ## - SUBJECT ADDED ENTRY--TOPICAL TERM
Topical term or geographic name entry element MANAGEMENT
650 ## - SUBJECT ADDED ENTRY--TOPICAL TERM
Topical term or geographic name entry element DISRUPTION
650 ## - SUBJECT ADDED ENTRY--TOPICAL TERM
Topical term or geographic name entry element BUILT ENVIRONMENT
650 ## - SUBJECT ADDED ENTRY--TOPICAL TERM
Topical term or geographic name entry element SOCIETY OF CONSTRUCTION LAW DELAY AND DISRUPTION PROTOCOL
690 ## - LOCAL SUBJECT ADDED ENTRY--TOPICAL TERM (OCLC, RLIN)
Topical term or geographic name as entry element Dispute resolution
9 (RLIN) 6236
856 ## - ELECTRONIC LOCATION AND ACCESS
Uniform Resource Identifier <a href="https://www.eotprotocol.com">https://www.eotprotocol.com</a>
Public note View the protocol on the Society of Construction Law website...
942 ## - ADDED ENTRY ELEMENTS (KOHA)
Suppress in OPAC 0
Holdings
Withdrawn status Lost status Source of classification or shelving scheme Damaged status Not for loan Home library Current library Shelving location Date acquired Total Checkouts Full call number Barcode Date last seen Copy number Price effective from Koha item type
    Dewey Decimal Classification     London London Journal article 08/02/2002   ABS65022 116662-1001 06/08/2019 1 06/08/2019 Journal article